Länder des Japanischen Kaiserreichs - Sudden Death - Statistiken

Allgemein
  • Dieses Quiz wurde 117 mal gespielt
  • Das Durchschnittsergebnis liegt bei 13 aus 19
Answers on the Grid
Answers color-coded by a green-red scale on the quiz's grid according to % correct below.
Afghanistan
Bhutan
Brunei
China
Indonesien
Japan
Jemen
Kambodscha
Kanada
Kasachstan
Kiribati
Madagaskar
Malaysia
Moldawien
Mongolei
Myanmar
Nauru
Nepal
Neuseeland
Nordkorea
Osttimor
Pakistan
Papua-Neuguinea
Peru
Philippinen
Russland
Salomonen
Singapur
Sri Lanka
Südkorea
Taiwan
Vietnam
 
Antwortstatistiken
Antwort % Korrekt
Japan
85%
China
82%
Nordkorea
79%
Indonesien
76%
Südkorea
74%
Kambodscha
73%
Malaysia
70%
Vietnam
70%
Taiwan
68%
Myanmar
67%
Philippinen
67%
Singapur
67%
Papua-Neuguinea
64%
Osttimor
62%
Brunei
59%
Salomonen
52%
Kiribati
50%
Nauru
50%
Russland
39%
Keine übereinstimmenden Quizze gefunden
Verteilung der Resultate
Anzahl Personen mit jedem Resultat
Perzentil nach korrekt beantworteten Fragen
Ihre Resultats-Entwicklung
Sie haben dieses Quiz noch nicht gespielt